| 000 | 00693nam a22001937a 4500 | ||
|---|---|---|---|
| 999 |
_c66872 _d66869 |
||
| 082 | _aR/1CH16 | ||
| 100 | _aGhulam Hyder Lanjar | ||
| 100 | _aRoll No. 16CH27 | ||
| 100 | _aSupervisor - Engr. Ahsan Rao | ||
| 245 | _aReview and the Study of Designing and Performance Evaluation of Microbial Fuel Cell for Production the Electric Power by using Tannery Waste | ||
| 260 |
_aNawabshah _bQUEST _c2019 |
||
| 300 | _a87p | ||
| 700 | _aAzhar Ali Shaikh (Roll No. 16CH30) | ||
| 700 | _aHizbullah Bhanbhro (Roll No. 16CH10) | ||
| 700 | _aNaveed Ahmed Samo (Roll No. 16CH51) | ||
| 700 | _aIftikhar Ahmed Soomro (Roll No. 16CH15) | ||
| 700 | _aImam Ali Brohi (Roll No. 16CH50) | ||
| 942 | _cTHESIS | ||